Cutting-Edge Technologies for Renewable Energy Production and Storage (Record no. 35466)
[ view plain ]
| 000 -LEADER | |
|---|---|
| fixed length control field | 00945nam a2200121Ia 4500 |
| 008 - FIXED-LENGTH DATA ELEMENTS--GENERAL INFORMATION | |
| fixed length control field | 220621s9999||||xx |||||||||||||| ||und|| |
| 100 ## - MAIN ENTRY--PERSONAL NAME | |
| Personal name | Prussi, Matteo |
| 245 #0 - TITLE STATEMENT | |
| Title | Cutting-Edge Technologies for Renewable Energy Production and Storage |
| 546 ## - LANGUAGE NOTE | |
| Language note | English[eng] |
| 650 ## - SUBJECT ADDED ENTRY--TOPICAL TERM | |
| Topical term or geographic name entry element | n/a||PV||GHG savings||lithium-ion battery (LIB)||probability prediction||decarbonization||supercapacitor (SC)||least squares support vector machine||EV fleet forecasts||alternative maritime power (AMP)||Markov chain||feasibility study||D funding||hybrid power system||numerical analysis||ship structure||optimal sizing||cellulosic ethanol||electric vehicles EV||biofuel||green ship||R&||bulk carrier||molten carbonate fuel cell system||sparse Gaussian process regression||power-to-gas||combination method||charging infrastructure||jet fuel||flow characteristics||hybrid refinery||LNG-fueled ship |
| 856 ## - ELECTRONIC LOCATION AND ACCESS | |
| Uniform Resource Identifier | <a href="https://mdpi.com/books/pdfview/book/2342">https://mdpi.com/books/pdfview/book/2342</a> |
| 942 ## - ADDED ENTRY ELEMENTS (KOHA) | |
| Koha item type | E-Books |
| Withdrawn status | Lost status | Damaged status | Not for loan | Home library | Current library | Date acquired | Total Checkouts | Date last seen | Price effective from | Koha item type |
|---|---|---|---|---|---|---|---|---|---|---|
| Kerala University of Digital Sciences, Innovation and Technology Knowledge Centre | Kerala University of Digital Sciences, Innovation and Technology Knowledge Centre | 21/06/2022 | 21/06/2022 | 21/06/2022 | E-Books |